Case of canine parvovirus at animal clinic in sangkat kouk roka, khan prek pnov, phnom penh,ករណីជំងឺ PARVOVIRUS លើសុនខនៅគ្លីនិកសត្វក្នុងសង្កាត់គោករកា ខណ្ឌព្រែកព្នៅ រាជធានីភ្នំពេញ (Record no. 25691)

000 -LEADER
fixed length control field 00611nam a22001217a 4500
040 ## - CATALOGING SOURCE
Transcribing agency RUA
082 ## - DEWEY DECIMAL CLASSIFICATION NUMBER
Classification number DVM RAY 2025 B707 Or.1
100 ## - MAIN ENTRY--AUTHOR NAME
Personal name RAY KIMLEANG, រ៉ាយ គឹមលៀង
245 ## - TITLE STATEMENT
Title Case of canine parvovirus at animal clinic in sangkat kouk roka, khan prek pnov, phnom penh,ករណីជំងឺ PARVOVIRUS លើសុនខនៅគ្លីនិកសត្វក្នុងសង្កាត់គោករកា ខណ្ឌព្រែកព្នៅ រាជធានីភ្នំពេញ
260 ## - PUBLICATION, DISTRIBUTION, ETC. (IMPRINT)
Place of publication PHNOM PENH
Name of publisher RUA
Year of publication 2025
300 ## - PHYSICAL DESCRIPTION
Number of Pages ix, 42p.
Other physical details ill.
Dimensions 29cm.
942 ## - ADDED ENTRY ELEMENTS (KOHA)
Koha item type MGR
952 ## - LOCATION AND ITEM INFORMATION (KOHA)
Withdrawn status [LOCAL, KOHA] 0
952 ## - LOCATION AND ITEM INFORMATION (KOHA)
Withdrawn status [LOCAL, KOHA] 0
Holdings
Permanent Location Date acquired Koha item type Lost status Shelving location Barcode Current Location Full call number
Library Block B2026-04-09MGR B707B7121096Library Block ADVM RAY 2025 B707 Or.2
Library Block B2026-04-09MGR B707B7121072Library Block BDVM RAY 2025 B707 Or.1
មជ្ឈមណ្ឌលឯការនៃសាកលវិទ្យាល័យភូមិន្ទកសិកម្មចំការដូង

Powered by Koha